Computer Graphics (Record no. 369296)

MARC details
000 -LEADER
fixed length control field 01170 a2200229 4500
003 - CONTROL NUMBER IDENTIFIER
control field OSt
005 - DATE AND TIME OF LATEST TRANSACTION
control field 20251208171347.0
008 - FIXED-LENGTH DATA ELEMENTS--GENERAL INFORMATION
fixed length control field 251208b |||||||| |||| 00| 0 eng d
020 ## - INTERNATIONAL STANDARD BOOK NUMBER
International Standard Book Number 9789339204808
100 ## - MAIN ENTRY--PERSONAL NAME
Personal name Harrington S.
9 (RLIN) 215677
245 ## - TITLE STATEMENT
Title Computer Graphics
250 ## - EDITION STATEMENT
Edition statement 2nd Ed.
260 ## - PUBLICATION, DISTRIBUTION, ETC. (IMPRINT)
Name of publisher, distributor, etc. McGrawHill Edu
Date of publication, distribution, etc. 2014
Place of publication, distribution, etc. Chennai
300 ## - PHYSICAL DESCRIPTION
Extent 466pp
500 ## - GENERAL NOTE
Keywords Simple and step-by-step explanation with screenshots for better understanding<br/>Encourages “hands-on and “learn-by-doing” attitude<br/>Follows problem solving approach
520 ## - SUMMARY, ETC.
Summary, etc. The book provides guidance for developing a graphics system, suggestions for modifications and extensions of the systems and application problems which make use of the system. The advantage of this approach are a high level of student involvement, an understanding of the systems aspects of graphics software, a realistic feeling for graphics system capabilities and ease of use and greater feeling of accomplishment.
650 01 - SUBJECT ADDED ENTRY--TOPICAL TERM
Topical term or geographic name as entry element Geometry and line generation
9 (RLIN) 215757
650 02 - SUBJECT ADDED ENTRY--TOPICAL TERM
Topical term or geographic name as entry element Graphics Primitives
9 (RLIN) 215758
650 03 - SUBJECT ADDED ENTRY--TOPICAL TERM
Topical term or geographic name as entry element Polygons
9 (RLIN) 215759
650 04 - SUBJECT ADDED ENTRY--TOPICAL TERM
Topical term or geographic name as entry element Windowing and Clipping
9 (RLIN) 215760
942 ## - ADDED ENTRY ELEMENTS (KOHA)
Koha item type Books
Source of classification or shelving scheme Dewey Decimal Classification
Holdings
Withdrawn status Lost status Source of classification or shelving scheme Damaged status Not for loan Collection code Home library Current library Date acquired Vendor Cost, normal purchase price Total Checkouts Barcode Date last seen Cost, replacement price Bill Date Koha item type Original Barcode
    Dewey Decimal Classification     MCA MKSSS s K.B. Joshi Institute of Information Technology Library MKSSS s K.B. Joshi Institute of Information Technology Library 06/12/2025 8 825.00   KBJP-BK-2901 06/12/2025 1100.00 06/12/2025 Books 2901